[Event "Dresden (Women)"]
[Site "Dresden"]
[Date "1997.??.??"]
[Round "5"]
[White "Gara, Anita"]
[Black "Guenther, Anetta"]
[Result "0-1"]
[WhiteElo "2265"]
[BlackElo "2105"]
[PlyCount "116"]
[EventDate "1997.??.??"]
[EventType "tourn"]
[EventRounds "9"]
[EventCountry "GER"]
[SourceTitle "EXT 1998"]
[Source "ChessBase"]
[SourceDate "1997.11.17"]
[SourceVersion "1"]
[SourceVersionDate "1997.11.17"]
[SourceQuality "1"]

1. e4 c5 2. Nf3 Nc6 3. d4 cxd4 4. Nxd4 Nf6 5. Nc3 e5 6. Ndb5 d6 7. Bg5 a6 8. Na3 b5 9. Bxf6 gxf6 10. Nd5 f5 11. Bd3 Be6 12. 0-0 Bxd5 13. exd5 Ne7 14. c3 Bg7 15. Qh5 e4 16. Bc2 b4 17. Nc4 bxc3 18. b3 0-0 19. Kh1 Nxd5 20. Qxf5 Nf6 21. f3 d5 22. fxe4 dxe4 23. Rad1 Qc8 24. Qf4 Qg4 25. Qd6 Qe2 26. Rc1 Rad8 27. Qg3 Qg4 28. Qxg4 Nxg4 29. Bxe4 Bd4 30. h3 Nf2+ 31. Rxf2 Bxf2 32. Rxc3 Rfe8 33. Bb7 Rd1+ 34. Kh2 Ree1 35. g4 Bh4 36. Rc2 Rg1 37. Bg2 Bg5 38. Rf2 Bd8 39. Kg3 Bc7+ 40. Kf3 Rge1 41. Rd2 Rc1 42. Kf2 Re6 43. g5 Rc3 44. Bf3 Bf4 45. Rd8+ Kg7 46. Bg4 Rc2+ 47. Kf3 Bxg5 48. Rd5 Rf6+ 49. Ke4 h6 50. Nd6 Rf4+ 51. Kd3 Rxa2 52. Nf5+ Kf6 53. Rd6+ Ke5 54. Rc6 Kd5 55. Rc7 h5 56. Ne3+ Kd6 57. h4 Kxc7 58. hxg5 Rxg4 0-1

[Event "Dresden (Women)"]
[Site "Dresden"]
[Date "1997.??.??"]
[Round "4"]
[White "Guenther, Anetta"]
[Black "Ankerst, Milka"]
[Result "1-0"]
[WhiteElo "2105"]
[BlackElo "2170"]
[PlyCount "97"]
[EventDate "1997.??.??"]
[EventType "tourn"]
[EventRounds "9"]
[EventCountry "GER"]
[SourceTitle "EXT 1998"]
[Source "ChessBase"]
[SourceDate "1997.11.17"]
[SourceVersion "1"]
[SourceVersionDate "1997.11.17"]
[SourceQuality "1"]

1. e4 c5 2. Nf3 Nc6 3. d4 cxd4 4. Nxd4 g6 5. c4 Bg7 6. Be3 Nf6 7. Nc3 Ng4 8. Qxg4 Nxd4 9. Qd1 Ne6 10. Rc1 Qa5 11. Bd3 b6 12. Qd2 g5 13. 0-0 Bb7 14. Bb1 h5 15. f3 h4 16. Qf2 Qe5 17. b3 Nf4 18. Nd5 h3 19. g3 Bxd5 20. exd5 Bf6 21. Rcd1 Nh5 22. Rfe1 Qb8 23. Bd4 Kf8 24. Bxf6 Nxf6 25. Qe3 Qd6 26. Qxg5 Rh5 27. Qe3 Rc8 28. Rc1 Ng8 29. Be4 Qb4 30. f4 Qc5 31. Bf3 Rh6 32. Bg4 Nf6 33. Bf3 d6 34. Kf2 a5 35. g4 Rg6 36. Rg1 Rc7 37. Qxc5 Rxc5 38. Ke3 Rg8 39. Rg3 Rh8 40. g5 Ne8 41. Bg4 Nc7 42. Rd1 b5 43. Rd4 Kg7 44. Rxh3 bxc4 45. bxc4 Rb8 46. Be2 Na6 47. f5 Rcc8 48. Rdh4 Rh8 49. f6+ 1-0

[Event "BL 9798 (Women)"]
[Site "Germany"]
[Date "1997.??.??"]
[Round "?.4"]
[White "Guenther, Anetta"]
[Black "Hausmann, Ilka"]
[Result "1-0"]
[WhiteElo "2105"]
[BlackElo "2130"]
[PlyCount "81"]
[EventDate "1997.10.??"]
[EventType "team-tourn"]
[EventRounds "11"]
[EventCountry "GER"]
[SourceTitle "EXT 1999"]
[Source "ChessBase"]
[SourceDate "1998.11.16"]
[SourceVersion "1"]
[SourceVersionDate "1998.11.16"]
[SourceQuality "1"]
[WhiteTeam "Dresden (W)"]
[BlackTeam "Leipzig Gohlis"]
[WhiteTeamCountry "GER"]
[BlackTeamCountry "GER"]

1. e4 e6 2. d3 d5 3. Nd2 c5 4. g3 Nc6 5. Bg2 Nf6 6. Ngf3 Be7 7. 0-0 0-0 8. Re1 Qc7 9. e5 Nd7 10. Qe2 b5 11. Nf1 h6 12. h4 Ba6 13. Bf4 Rfc8 14. Qd2 c4 15. d4 c3 16. bxc3 Na5 17. Qe2 Qxc3 18. Bd2 Qa3 19. Rec1 Nc4 20. g4 Nxd2 21. Qxd2 Bb4 22. Qf4 Bc3 23. Rab1 Bb2 24. Rd1 Rxc2 25. Ng3 Rac8 26. Ne1 Rc1 27. Nd3 Rxb1 28. Rxb1 Qxd3 29. Rxb2 Nb6 30. Bf1 Qa3 31. Rd2 Nc4 32. Rd1 Qxa2 33. g5 hxg5 34. Qxg5 Qc2 35. Rd3 Nb2 36. Nh5 g6 37. Qh6 gxh5 38. Rg3+ Qg6 39. Rxg6+ fxg6 40. Qxg6+ Kf8 41. Qf6+ 1-0